La Dinàmica d'un poble : vint anys d'ajuntaments democràtics vint anys d'ajuntaments democràtics
Descripción Física:
191 p. : principalment il. ; 29 cm
MARC
| LEADER | 00000nam a2200000Ia 4500 | ||
|---|---|---|---|
| 001 | 17042 | ||
| 008 | 160829s9999 xx 000 0 cat d | ||
| 080 | |a M-5-109 | ||
| 245 | |a La Dinàmica d'un poble : |b vint anys d'ajuntaments democràtics | ||
| 260 | |a Esparreguera : |b Ajuntament d'Esparreguera, DL 1999 | ||
| 300 | |a 191 p. : |b principalment il. ; |c 29 cm | ||
| 590 | |a Text en català i castellà. | ||
| 590 | |a A la contracoberta: Ajuntament d'Esparreguera ; 20 anys d'ajuntaments democràtics ; Diputació de Barcelona. | ||
| 590 | |a Edició conmemorativa | ||
| 650 | |a Democràcia |x Catalunya |x Història |x S. XX |9 37877 | ||
| 650 | |a Esparreguera |x Política i govern |9 37878 | ||
| 650 | 0 | |a Municipis |x Govern i administració |z Catalunya |9 40824 | |
| 710 | 1 | |a Barcelona (Catalunya : Província). |b Diputació |9 52408 | |
| 901 | |a Arxiu | ||
| 942 | |n 1 | ||
| 952 | |0 0 |1 0 |4 0 |6 M5109 |7 1 |9 48129 |a Arxiu |b Arxiu |d 2016-12-01 |l 0 |o M-5-109 |p 17042 |r 2016-12-01 00:00:00 |w 2016-12-01 |y ARXIU | ||
| 999 | |c 51932 |d 51932 | ||